Συγκρίνοντας τα μη συγκρίσιμα
Αποθηκεύτηκε σε:
| Κύριος συγγραφέας: | |
|---|---|
| Άλλοι συγγραφείς: | |
| Μορφή: | Βιβλίο |
| Γλώσσα: | Greek French |
| Δημοσίευση: |
[Αθήνα] :
Μεταίχμιο,
[2000].
|
| Σειρά: | Φιλοσοφία - Κοινωνιολογία (Μεταίχμιο)
|
| Θέματα: | |
| Ετικέτες: |
Προσθήκη ετικέτας
Δεν υπάρχουν, Καταχωρήστε ετικέτα πρώτοι!
|
MARC
| LEADER | 00000cam a2200000 i 4500 | ||
|---|---|---|---|
| 001 | 1/46597 | ||
| 008 | 040112s2000 gr | ||| |||| ||gre|| | ||
| 020 | |a 9603754064 | ||
| 035 | |l 10071928 | ||
| 040 | |a GR-MY-UA |b gre |e aacr | ||
| 041 | 1 | |a gre |h fre | |
| 082 | 7 | |a 306 |2 (22) | |
| 100 | 1 | |a Detienne, Marcel. | |
| 245 | 1 | 0 | |a Συγκρίνοντας τα μη συγκρίσιμα / |c Marcel Detienne ; μετάφραση: Πελαγία Μαρκέτου. |
| 260 | |a [Αθήνα] : |b Μεταίχμιο, |c [2000]. | ||
| 300 | |a 140 σ. ; |c 24 εκ. | ||
| 490 | 1 | |a (Φιλοσοφία - Κοινωνιολογία / Μεταίχμιο) | |
| 500 | |a Μετάφραση του: Comparer l'incomparable. | ||
| 650 | 0 | 0 | |a Ethnology |x Comparative method. |
| 650 | 0 | 0 | |a History |x Comparative mathod. |
| 700 | 1 | |a Μαρκέτου, Πελαγία, |e trlf | |
| 830 | 0 | |a Φιλοσοφία - Κοινωνιολογία (Μεταίχμιο) | |
| 852 | |a INST |b RHODES |e 20040112 |h 306 DET |p 005400019703 |q 005400019703 |t BK |y 0 | ||
| 852 | |a INST |b RHODES |e 20060308 |h 306 DET |p 005400021264 |q 005400021264 |t BK |y 0 | ||
| 901 | |a BIBL4-2004-1 | ||
| 909 | |a Ρ |b 106962 | ||
| 909 | |a Ρ |b 123308 | ||
| 922 | |a 4ΕΛΗ |b 200310 |c ΕΠΕΑΕΚ2/ΤΕΠΑΕΣ |d ΜΙΧΑΛΟΠΟΥΛΟΣ | ||
| 970 | |a ΚΟΥΛΑΚΙΟΤΗ |b ΛΙΤΣΑ |z 2004/02/16 | ||